000 00593nam a2200241Ia 4500
003 OSt
005 20220928134933.0
006 a|||||r|||| 00| 0
007 ta
008 220927b |||||||| |||| 00| 0 eng d
024 _a332
037 _cTextual
040 _aSDCL
_cSDCL
_beng
041 _2eng
_aeng
082 _aX, N5
100 _aBowden E V
_9489146
245 0 _aEconomics
_b The science of common sense
250 _a8
260 _c1995
700 _a Bowden J H
_9489147
942 _hX, N5
_cTEXL
_2CC
999 _c804365
_d804365